Procedimientos clínicos en optometría
Spremljeno u:
| Glavni autori: | , , , , , |
|---|---|
| Format: | Knjiga |
| Jezik: | španjolski |
| Izdano: |
Bogotá
Fundación Universitaria del Area Andina
2005
|
| Izdanje: | 1a. ed |
| Serija: | Ciencia Y Tecnología
|
| Teme: | |
| Oznake: |
Dodaj oznaku
Bez oznaka, Budi prvi tko označuje ovaj zapis!
|
MARC
| LEADER | 00000nam a2200000 a 4500 | ||
|---|---|---|---|
| 001 | UCI2686 | ||
| 003 | CL-VaPUC | ||
| 008 | 070907e20050000CK |||||||||||||||||spa|d | ||
| 020 | |a 9583376205 | ||
| 082 | 0 | 4 | |a 617.7 |b RAM |2 21 |
| 100 | 0 | |a Ramírez Díaz, Sandra Marcela |e author |9 523804 | |
| 700 | 0 | |a Patiño Cáceres, César |e author |9 523805 | |
| 700 | 0 | |a Molina R., Luis Alfonso |e author |9 523806 | |
| 700 | 0 | |a Garzón Soche, María Nancy |e author |9 523807 | |
| 700 | 0 | |a Merchán Bautista, Nelson Leonardo |e author |9 523808 | |
| 700 | 0 | |a Arévalo Mejía, Luz Marina |e author |9 523809 | |
| 245 | 1 | 0 | |a Procedimientos clínicos en optometría |
| 250 | |a 1a. ed | ||
| 300 | |a 176 p | ||
| 942 | |c BK | ||
| 945 | |d 20070907 00:00:00 |a rbrito | ||
| 260 | |a Bogotá |b Fundación Universitaria del Area Andina |c 2005 | ||
| 650 | 7 | |a OPTALMOLOGIA |2 CL-VaPUC |9 522050 | |
| 650 | 7 | |a OPTOMETRIA |2 CL-VaPUC |9 523810 | |
| 650 | 0 | |a Enfermedades de los ojos |9 351395 | |
| 650 | 0 | |a Ojos |9 344511 | |
| 650 | 0 | |a Visión |9 269056 | |
| 650 | 0 | |a Medicina clínica |9 328118 | |
| 650 | 7 | |a LENTES OPTICOS |2 CL-VaPUC |9 394869 | |
| 583 | |a last modification |c 20070907 00:00:00 |k Rodrigo Vera | ||
| 490 | 0 | |a Ciencia Y Tecnología | |
| 999 | |c 327164 |d 327162 | ||
| 952 | |0 0 |1 0 |4 0 |6 617_700000000000000_RAM_2005 |7 0 |8 A |9 409642 |a BIBCUR |b BIBCUR |d 2019-11-22 |i 4370368 |l 2 |o 617.7 RAM 2005 |p 4370368 |r 2025-04-22 |s 2025-03-18 |w 2019-11-22 |y BK |k TEM | ||